000
00306nam a2200121Ia 4500
008
191201s2010 xx 000 0 und d
100
_a
SHAKESPEARE, William
245
0
_a
Merchant of Venice
260
_b
Kalyani Navyug Media Pvt Ltd
_c
2010
300
_a
76
650
_a
General Books
942
_2
ddc
_c
BK
999
_c
6784
_d
6784